000 00745nam a22002292 4500
001 0000006334
005 20151217152016.0
008 071018s xx 000 0 eng d
020 _a1405101733 :
_cKES 4249
040 _aKABU
_cKABU
100 1 _aLeeder, Mike.
_@0000157780
245 1 0 _aPhysical process in earth and environmental sciences /
_cMike leeder, Marta Perez-Arlucea.
260 _aOxford :
_bBlackwell,
_c2006.
300 _axi, 321 p.
650 0 _aGeodynamics.
_@0000157781
650 0 _aEarth sciences
_xMathematics.
_@0000157782
700 1 _aPerez-Arlucea, Marta.
_@0000157783
908 _a071018
950 _@1
999 _c7274
_d7274